000 00864nam a2200253Ia 4500
003 OSt
005 20250212093217.0
008 210210b2009 xxu||||| |||| 00| 0 eng d
040 _cAL
041 _aKannada
082 _aK894.1 VENE
100 _aVENKATESHA MURTHI (H S)
_d ವೆಂಕಟೇಶ ಮೂರ್ತಿ (ಹೆಚ್ ಎಸ್ )
_9199254
245 _aEchchesvi samagra kavya: Ivaregina kavitegalu
_bಎಚ್ಚೆಸ್ವಿ ಸಮಗ್ರ ಕಾವ್ಯ: ಇವರೆಗಿನ ಕವಿತೆಗಳು ಮೂಲಕ:
260 _aMallaDihaLLi
_bAnandakanda Granthamale
_c2009
300 _axlviii,500
650 _asamagra
_9199255
650 _akAvya:
_9199256
650 _akavitegaLu
_9199257
650 _aIvaregina
_9199258
650 _aEchchesvi
_9199259
690 _aKannada Poetry
_9199260
906 _a066366
942 _2ddc
_cBK
999 _c89751
_d89751